| 000 | 00436nam a2200157Ia 4500 | ||
|---|---|---|---|
| 008 | 210716s2001 xx 000 0 und d | ||
| 020 | _a8174461884 | ||
| 041 | _aeng | ||
| 082 | _a658.4038 AROA | ||
| 100 | _aArora, Ashok;Bhatia, Akshaya. | ||
| 245 |
_aManagement: information systems. _bInformation systems. |
||
| 250 | _a1 | ||
| 260 |
_aNew Delhi _bExcel Books _c2001 |
||
| 300 | _ax,517 | ||
| 650 | _aManagement Information Systems | ||
| 999 |
_c198859 _d198859 |
||